Effective marketing with infotrac college edition / (Record no. 344407)

000 -LEADER
fixed length control field 01315 a2200217 4500
020 ## - INTERNATIONAL STANDARD BOOK NUMBER
International Standard Book Number 032406392X
020 ## - INTERNATIONAL STANDARD BOOK NUMBER
International Standard Book Number 9780324063929
082 04 - DEWEY DECIMAL CLASSIFICATION NUMBER
Classification number 658.8
090 ## - LOCALLY ASSIGNED LC-TYPE CALL NUMBER (OCLC); LOCAL CALL NUMBER (RLIN)
-- 1897
-- 1897
100 1# - MAIN ENTRY--PERSONAL NAME
Personal name Zikmund, William G.
245 10 - TITLE STATEMENT
Title Effective marketing with infotrac college edition /
Statement of responsibility, etc. William G. Zikmund.
250 ## - EDITION STATEMENT
Edition statement 3nd ed.
260 ## - PUBLICATION, DISTRIBUTION, ETC.
Place of publication, distribution, etc. [S.l.] :
Name of publisher, distributor, etc. South-Western College Pub,
Date of publication, distribution, etc. 2001.
300 ## - PHYSICAL DESCRIPTION
Extent 592 p. ;
Dimensions 27 cm.
500 ## - GENERAL NOTE
General note Paperback.
520 ## - SUMMARY, ETC.
Summary, etc. With consolidated coverage of the principles of marketing, Effective Marketing stands out for its ease of reading and useful presentation of the marketplace as a dynamic interplay of relationships. Mirroring the features of the comprehensive text, this edition appeals to instructors who seek a concise, strategic focus with integrated coverage of technology. Thorough treatment of e-commerce, emerging markets, new technologies, and hot marketing trends is provided. Concepts and topics are carefully discussed to helping readers adapt to and strategically plan for changes in the marketing environment.
700 1# - ADDED ENTRY--PERSONAL NAME
Personal name d'Amico, Michael.
856 40 - ELECTRONIC LOCATION AND ACCESS
Materials specified Amazon.com
Uniform Resource Identifier <a href="http://www.amazon.com/exec/obidos/ASIN/032406392X/chopaconline-20">http://www.amazon.com/exec/obidos/ASIN/032406392X/chopaconline-20</a>
856 40 - ELECTRONIC LOCATION AND ACCESS
Materials specified Amazon customer reviews
Uniform Resource Identifier <a href="http://www.chopac.org/cgi-bin/tools/azrev.pl?q=032406392X">http://www.chopac.org/cgi-bin/tools/azrev.pl?q=032406392X</a>
942 ## - ADDED ENTRY ELEMENTS (KOHA)
Institution code [OBSOLETE] NBS
Koha item type Book
Call number prefix 658.8 ZIK
Holdings
Withdrawn status Lost status Damaged status Not for loan Permanent Location Current Location Date acquired Total Checkouts Full call number Barcode Date last seen Date last checked out Price effective from Koha item type
        Central Library (CL) Central Library (CL) 08/28/2013 1 658.8 ZIK NBS7035 02/26/2015 02/17/2015 08/28/2013 Book
        Central Library (CL) Central Library (CL) 08/28/2013   658.8 ZIK NBS6590 08/28/2013   08/28/2013 Book
        Central Library (CL) Central Library (CL) 08/28/2013   658.8 ZIK NBS7639 08/28/2013   08/28/2013 Book
© 2023 Central Library, National University of Sciences and Technology. All Rights Reserved.